000 00409nam a22001457a 4500
082 _a370.11 ARG
100 _aARGYRIS CHRIS
245 _aTHEORY IN PRACTICE INCREASING PROFESSIONAL EFFECTIVENESS
260 _aLONDON
_bJOSSEY
_c1977
300 _aXIV224P.
_b25CM
500 _aINCLUDE INDEX,
650 _aTHEORY IN PRACTICE INCREASING PROFESSIONAL EFFECTIVENESS
700 _aSCHON .A DONALD
942 _cBK
999 _c13290
_d13290